[Event "AJAXT130"]
[Site "http://www.queenalice.com/game.php?id=525117"]
[Date "2009.1.18"]
[Round "-"]
[White "andre2006"]
[Black "fcruzlopes"]
[Result "0-1"]
[WhiteElo "1226"]
[BlackElo "1305"]

1. e4 c5 2. Nf3 e6 3. Bb5 a6 4. Ba4 b5 5. Bb3 c4 6. Bxc4 bxc4 7. d3 cxd3 8. cxd3
d6 9. Nc3 Nf6 10. Bg5 Be7 11. O-O O-O 12. Qb3 Nbd7 13. Rad1 Nc5 14. Qb4 Bb7 15.
Rfe1 h6 16. Bxf6 Bxf6 17. d4 a5 18. Qc4 Ba6 19. Nb5 Nd7 20. a4 Rc8 21. Qb3 Qb6
22. e5 Be7 23. Qe3 Bxb5 24. axb5 Qxb5 25. Rb1 dxe5 26. dxe5 Rc2 27. Nd4 Qa4 28.
Nxc2 Qxc2 29. f4 Bc5 30. Qxc5 Qxc5+ 31. Kh1 Nb6 32. Rec1 Qe3 33. Rf1 Nd5 34.
Rbe1 Qd2 35. b3 Ne3 36. Rg1 Ng4 37. h3 Nf2+ 38. Kh2 Qxf4+ 39. g3 Qd2 40. b4 Ng4+
41. Kh1 Qh2# 0-1

[Event "AJAXT165"]
[Site "http://www.queenalice.com/game.php?id=525181"]
[Date "2009.1.18"]
[Round "-"]
[White "fcruzlopes"]
[Black "alexrs"]
[Result "0-1"]
[WhiteElo "1305"]
[BlackElo "1822"]

1. d4 d5 2. c4 c6 3. Nc3 Nf6 4. Bg5 e6 5. e4 h6 6. Bh4 Be7 7. e5 Nfd7 8. Bxe7
Qxe7 9. Nf3 c5 10. Be2 cxd4 11. Qxd4 Nc6 12. Qg4 f6 13. Qg6+ Qf7 14. Qxf7+ Kxf7
15. cxd5 Ncxe5 16. dxe6+ Kxe6 17. Nd4+ Kf7 18. O-O Rd8 19. Nf5 Nc5 20. Ng3 Be6
21. Bh5+ g6 22. Be2 Rd2 23. Rab1 Ned3 24. b3 Rc2 25. Bxd3 Nxd3 26. Nge4 f5 27.
Rbd1 fxe4 28. Nxe4 Nf4 29. Nd6+ Kg7 30. Nb5 Rxa2 31. Nc7 Rc8 32. Nxe6+ Nxe6 33.
Rd7+ Kf6 34. Rxb7 Nc5 35. Rb5 Rb2 36. h3 Rxb3 37. Ra5 Rc7 38. Rc1 Ne6 39. Rxc7
Nxc7 40. Rxa7 Ne6 41. Ra6 h5 42. f3 Kf5 43. Ra5+ Kf4 44. Ra4+ Kg3 45. Kf1 Nf4
0-1

[Event "AJAXT185"]
[Site "http://www.queenalice.com/game.php?id=525184"]
[Date "2009.1.18"]
[Round "-"]
[White "fcruzlopes"]
[Black "carlao2005"]
[Result "1-0"]
[WhiteElo "1300"]
[BlackElo "1722"]

1. d4 d5 2. c4 c6 3. Nc3 Bf5 4. Nf3 e6 5. e3 Bb4 6. Qb3 Bxc3+ 7. Qxc3 Nf6 8. Be2
O-O 9. O-O Ne4 10. Qb3 b6 11. Ne5 f6 12. Nf3 Bg4 13. h3 Bxf3 14. Bxf3 f5 15. Be2
Qh4 16. cxd5 cxd5 17. Bd3 Nc6 18. Bb5 Rac8 19. Ba6 Na5 20. Qa4 Rc4 21. Bxc4 Nxc4
22. Qxa7 Ncd2 23. Bxd2 Nxd2 24. Rfd1 Ne4 25. Rf1 g5 26. Qxb6 g4 27. Qxe6+ Kh8
28. Qxd5 gxh3 29. Qe5+ Kg8 30. g3 h2+ 31. Kh1 Qh3 32. Qf4 h5 33. Qh4 Qxh4 34.
gxh4 Rb8 35. b3 1-0

[Event "AJAXT137"]
[Site "http://www.queenalice.com/game.php?id=525221"]
[Date "2009.1.18"]
[Round "-"]
[White "fcruzlopes"]
[Black "cleriston"]
[Result "0-1"]
[WhiteElo "1311"]
[BlackElo "2152"]

1. e4 c5 2. Nc3 Nc6 3. Nf3 Nf6 4. Bc4 d6 5. Ng5 e6 6. O-O Bd7 7. d3 a6 8. Bf4 h6
9. Nf3 Na5 10. Re1 Nxc4 11. dxc4 e5 12. Nd5 exf4 13. Nxf4 Bg4 14. h3 Bxf3 15.
Qxf3 Nd7 16. Nd5 g6 17. b3 Bg7 18. Qf4 Bxa1 19. Rxa1 Ne5 20. Nf6+ Kf8 21. Rd1 b5
22. Nd5 bxc4 23. Nc3 Rc8 24. Nd5 Rb8 25. Ne3 cxb3 26. axb3 a5 27. Ra1 Kg7 28.
Nd5 Nc6 29. Nc3 Nd4 30. Qd2 Qg5 31. Qd3 Ra8 32. Nb5 Nxb5 33. Qxb5 Qd2 34. Qc4
Rhe8 35. f3 f5 36. Rf1 fxe4 37. fxe4 Rf8 38. Rxf8 Rxf8 39. c3 Rf2 0-1

[Event "AJAXT103"]
[Site "http://www.queenalice.com/game.php?id=525227"]
[Date "2009.1.18"]
[Round "-"]
[White "fcruzlopes"]
[Black "ajaxclube"]
[Result "1-0"]
[WhiteElo "1235"]
[BlackElo "1554"]

1. d4 d5 2. c4 Nf6 3. Nc3 Nc6 4. Nf3 e6 5. e3 Bb4 6. Bd2 O-O 7. a3 Be7 8. c5 Ne4
9. Nxe4 dxe4 10. Ne5 Nxe5 11. Be2 Nc6 12. O-O e5 13. Bb5 exd4 14. Bxc6 bxc6 15.
exd4 Qxd4 16. b4 Bf6 17. Rb1 Bf5 18. Qc1 1-0

[Event "AJAXT118"]
[Site "http://www.queenalice.com/game.php?id=525267"]
[Date "2009.1.18"]
[Round "-"]
[White "fcruzlopes"]
[Black "pepebacardi"]
[Result "0-1"]
[WhiteElo "1309"]
[BlackElo "2034"]

1. e4 c6 2. Nc3 d5 3. e5 d4 4. Ne4 Bf5 5. Ng3 Bg6 6. d3 Nd7 7. Nf3 h6 8. e6 Nb6
9. Ne5 Qd5 10. exf7+ Bxf7 11. Nxf7 Qxf7 12. Be2 Nf6 13. O-O g6 14. c3 dxc3 15.
bxc3 Bg7 16. a4 Nfd5 17. a5 Nxc3 18. Qc2 Nxe2+ 19. Qxe2 Bxa1 20. axb6 axb6 21.
Ne4 O-O 22. Bxh6 Rfe8 23. h3 Ra2 24. Qe3 b5 25. Ng5 Qd5 26. Ne6 Be5 27. Nf4 Qd6
28. Qe4 Kh7 29. Bg5 Ra4 30. Qf3 Bxf4 31. Bxf4 Rxf4 32. Qe3 Ref8 33. Qb6 Qd4 34.
Qxd4 Rxd4 35. Rd1 c5 36. Kf1 c4 37. Ke2 Rfd8 0-1

[Event "AJAXT173"]
[Site "http://www.queenalice.com/game.php?id=527801"]
[Date "2009.1.23"]
[Round "-"]
[White "gfreire"]
[Black "fcruzlopes"]
[Result "1-0"]
[WhiteElo "1876"]
[BlackElo "1188"]

1. e4 c5 2. Nf3 e6 3. c4 Nc6 4. d4 cxd4 5. Nxd4 Nxd4 6. Qxd4 d6 7. Bd3 Nf6 8.
O-O Be7 9. Bg5 O-O 10. Bc2 e5 11. Qc3 h6 12. Bxf6 Bxf6 13. Nd2 b6 14. Qd3 Be6
15. f4 exf4 16. e5 Bxe5 17. Qh7# 1-0

[Event "Challenge"]
[Site "http://www.queenalice.com/game.php?id=528089"]
[Date "2009.1.23"]
[Round "-"]
[White "fcruzlopes"]
[Black "wvulcanis"]
[Result "0-1"]
[WhiteElo "1318"]
[BlackElo "1553"]

1. d4 Nf6 2. c4 d6 3. Nc3 g6 4. e4 Bg7 5. Nf3 O-O 6. Be2 c5 7. d5 e5 8. O-O Bg4
9. Bg5 Nbd7 10. h3 Bxf3 11. Bxf3 Qe8 12. Nb5 Qb8 13. Qa4 Nb6 14. Qc2 a6 15. Na3
Qe8 16. b3 Nc8 17. Qd2 Kh8 18. Rab1 Rb8 19. Nc2 b5 20. Bxf6 Bxf6 21. Be2 b4 22.
a3 a5 23. axb4 axb4 24. Ra1 Nb6 25. Ne3 Bg5 26. Qd3 Bxe3 27. Qxe3 Ra8 28. Rxa8
Qxa8 29. h4 Nd7 30. Bg4 Nf6 31. Be2 Ng8 32. f4 f6 33. f5 gxf5 34. Rxf5 Qa1+ 35.
Rf1 Qd4 36. Qxd4 cxd4 37. Kh2 Ne7 38. Bg4 Ng6 39. Kg3 Nf4 40. Ra1 Rg8 41. Ra6 d3
42. Rxd6 d2 0-1

[Event "Challenge"]
[Site "http://www.queenalice.com/game.php?id=658773"]
[Date "2009.9.27"]
[Round "-"]
[White "fcruzlopes"]
[Black "Catao"]
[Result "0-1"]
[WhiteElo "1358"]
[BlackElo "2111"]

1. d4 Nf6 2. c4 e6 3. Nc3 d5 4. a3 c5 5. Nf3 cxd4 6. Nxd4 Be7 7. e3 O-O 8. Be2
b6 9. O-O dxc4 10. Bxc4 Bb7 11. Be2 a6 12. Qc2 Nc6 13. Nf3 Rc8 14. e4 Qc7 15.
Be3 b5 16. b4 Ne5 17. Bd4 Bxe4 18. Qb2 Nxf3+ 19. Bxf3 Bxf3 20. gxf3 Qf4 21. Ne2
Qxf3 22. Ng3 Rc4 23. Rfe1 Rd8 24. Rad1 e5 25. Qe2 Qxe2 26. Rxe2 Rcxd4 27. Rxd4
Rxd4 28. Re3 Ng4 29. Rf3 g6 30. Ne2 Rd2 31. Ng3 Rxf2 32. Rxf2 Nxf2 33. Kxf2 Bh4
34. Kf3 Bxg3 0-1

[Event "Challenge"]
[Site "http://www.queenalice.com/game.php?id=665379"]
[Date "2009.10.10"]
[Round "-"]
[White "MMANZAN"]
[Black "fcruzlopes"]
[Result "1-0"]
[WhiteElo "1548"]
[BlackElo "1356"]

1. Nc3 d5 2. d4 Nf6 3. Bf4 a6 4. e3 e6 5. Bd3 h6 6. Nf3 Bb4 7. O-O O-O 8. Qd2
Nc6 9. a3 Be7 10. e4 dxe4 11. Bxe4 Nxe4 12. Nxe4 Re8 13. Rae1 b5 14. Kh1 Bb7 15.
Qc3 b4 16. Qd3 bxa3 17. bxa3 a5 18. Qc3 Bf8 19. Rb1 Qc8 20. Nc5 Ra7 21. Nxb7
Qxb7 22. Rxb7 1-0

[Event "Challenge"]
[Site "http://www.queenalice.com/game.php?id=668558"]
[Date "2009.10.17"]
[Round "-"]
[White "fcruzlopes"]
[Black "robsonsouza"]
[Result "1-0"]
[WhiteElo "1338"]
[BlackElo "1421"]

1. e4 e5 2. Nf3 d6 3. Nc3 Bg4 4. Be2 Bxf3 5. Bxf3 Nf6 6. d3 g6 7. Bg5 Bg7 8. Nd5
O-O 9. O-O c6 10. Nxf6+ Bxf6 11. Bxf6 Qxf6 12. c3 d5 13. exd5 Na6 14. dxc6 bxc6
15. Qa4 Nc5 16. Qc4 Ne6 17. Bxc6 Rac8 18. Qd5 Nf4 19. Qe4 Rxc6 20. Rfe1 Rb6 21.
b3 Qg5 22. Re3 f5 23. Qc4+ Re6 24. g3 Kg7 25. Rf3 Ne2+ 26. Kf1 e4 27. Re3 Rd6
28. Qc7+ Rf7 29. Qxd6 exd3 30. Qxd3 Nf4 31. Qd4+ Rf6 32. Qxf4 Qh5 33. Kg2 g5 34.
Qd4 Kf7 35. Qd7+ Kg6 36. Re7 f4 37. Rg7+ Kh6 38. Rxh7+ Kg6 39. Qg7+ Kf5 40. Rxh5
1-0

[Event "Challenge"]
[Site "http://www.queenalice.com/game.php?id=687895"]
[Date "2009.11.24"]
[Round "-"]
[White "fcruzlopes"]
[Black "FENIX_RJ"]
[Result "0-1"]
[WhiteElo "1348"]
[BlackElo "1503"]

1. d4 d5 2. c4 Nf6 3. Nc3 Bg4 4. h3 Bh5 5. Bf4 e6 6. a3 Nbd7 7. Nb5 Rc8 8. Nxa7
Ra8 9. Nb5 c6 10. Nc7+ Ke7 11. Nxa8 Qxa8 12. f3 c5 13. e3 dxc4 14. Bxc4 Nb6 15.
Bd3 c4 16. Be2 Nfd5 0-1

[Event "Challenge"]
[Site "http://www.queenalice.com/game.php?id=743132"]
[Date "2010.3.8"]
[Round "-"]
[White "fcruzlopes"]
[Black "WAGNETTO"]
[Result "1-0"]
[WhiteElo "1364"]
[BlackElo "1393"]

1. d4 d5 2. c4 dxc4 3. Nc3 Nc6 4. Nf3 Bf5 5. e4 Bg4 6. Be3 e5 7. d5 Na5 8. Be2
Nf6 9. Qa4+ c6 10. Nxe5 b5 11. Qc2 cxd5 12. Nxg4 b4 13. Nxf6+ gxf6 14. Nxd5 b3
15. axb3 cxb3 16. Qc3 Nb7 17. Bb5+ Qd7 18. Nxf6+ Ke7 19. Nxd7 Rg8 20. Qf6+ Ke8
21. Nb6# 1-0